Cable Centroamericano : despacho económico /
Na minha lista:
| Formato: | Livro |
|---|---|
| Idioma: | Spanish |
| Publicado em: |
San José, Costa Rica :
Instituto Centroamericano de Información
|
| Assuntos: | |
| Tags: |
Adicionar Tag
Sem tags, seja o primeiro a adicionar uma tag!
|
MARC
| LEADER | 00000nam a2200000 4500 | ||
|---|---|---|---|
| 003 | cru CIDCACS/IIS | ||
| 005 | 20230919160141.0 | ||
| 007 | ta | ||
| 008 | 230919b |||||||| |||| 00| 0 spa d | ||
| 040 | |c cru CIDCACS/IIS | ||
| 090 | |a REV0137 | ||
| 245 | |a Cable Centroamericano : |b despacho económico / |c Instituto Centroamericano de Información | ||
| 260 | |a San José, Costa Rica : |b Instituto Centroamericano de Información | ||
| 270 | |e Apdo. 235 | ||
| 310 | |a Trimestral | ||
| 500 | |a Colección Centroamérica | ||
| 500 | |a EXISTENCIAS : 1982 (abr., may.-jun., jul., ago., oct.-dic.) 1983 (ene.-set., oct., nov.-dic.) 1984 (ene.-jul., ago.) 1985 (ene.) | ||
| 500 | |a PERIODICIDAD : Quincenal | ||
| 650 | 0 | |9 2142 |a DESARROLLO ECONOMICO | |
| 650 | 4 | |9 3428 |a DEMOGRAFIA | |
| 650 | 0 | |9 5323 |a ANALISIS ESTADISTICO | |
| 650 | 4 | |9 3225 |a PRECIOS | |
| 651 | 0 | |9 308 |a CENTROAMERICA | |
| 942 | |c PP | ||
| 999 | |c 45276 |d 45276 | ||
